It looks like you're offline.
Open Library logo
additional options menu

MARC Record from Library of Congress

Record ID marc_loc_2016/BooksAll.2016.part27.utf8:5308711:720
Source Library of Congress
Download Link /show-records/marc_loc_2016/BooksAll.2016.part27.utf8:5308711:720?format=raw

LEADER: 00720pam a2200217 a 4500
001 98008639
003 DLC
005 20000323144039.0
008 980608s1999 ilua b 001 0 eng
010 $a 98008639
020 $a1567930905
040 $aDLC$cDLC$dDLC
050 00 $aRA971.3$b.G3695 1999
082 00 $a362.1/068/1$221
100 1 $aGapenski, Louis C.
245 10 $aHealthcare finance :$ban introduction to accounting and financial management /$cLouis C. Gapenski.
260 $aChicago, IL :$bHealth Administration Press,$cc1999.
300 $ax, 556 p. :$bill. ;$c26 cm.
504 $aIncludes bibliographical references and index.
650 0 $aHealth facilities$xFinance.
650 0 $aHealth facilities$xAccounting.